000 00422nam a2200181Ia 4500
001 10528
005 20260306161839.0
008 260306t1970||||xx |||||||||||||| ||spa||
041 _aESP
082 _a940.1
_bV969
100 _aVoyenne, Bernard
_eAUT
245 0 _aHistoria de la idea europea
260 _c1970
300 _a237 páginas :
_c20 cm.
650 _aGEN
654 _aCHU
942 _cLIB
_dJUS
_fJUS
_2ddc
_n
999 _c10528
_d10528